000 00419nam a2200145 i 4500
001 bg
100 1 _aKłyszewicz, Józef.
245 0 _aTeksty rosyjskie dla lektoratów organizacji i zarządzania /
_cJózef Kłyszewicz , Seweryn J. Grześków.
260 _aZielona Góra,
_c1977.
700 1 _aGrześków, Seweryn J.
040 _cBPK
041 _apol
942 _cKS
008 s pl f |000 0 pol
999 _c27742
_d27742
856 _uhttp://koha.tu.koszalin.pl/cgi-bin/koha/opac-detail.pl?biblionumber=27742
_yKatalog online BPK